| 000 | 02351nam0a2200397 4500 | ||
|---|---|---|---|
| 001 | RU\NLR\bibl\81930 | ||
| 005 | 20260407054554.0 | ||
| 010 |
_a5-87846-250-8 _9300 |
||
| 021 |
_aRU _b1999-46135 _92277 |
||
| 035 | _a(NLR Aleph) 000080005 | ||
| 090 |
_a445073 _c445073 |
||
| 100 | _a20000424d1999 |||y0rusy50 ca | ||
| 101 | 0 | _arus | |
| 102 | _aRU | ||
| 105 | _ay ||||||||| | ||
| 200 | 1 |
_aГрамматические категории и единицы: синтагматический аспект _eМатериалы Третьей Междунар. конф. _e[Владимир, 1999 _fРедкол.: ... А.Б. Копелиович (отв. ред.) и др.] |
|
| 210 |
_aВладимир _cКаф. рус. яз. Владимир. гос. пед. ун-та _d1999 |
||
| 215 |
_a234 с. _d21 |
||
| 300 | _aВ надзаг.: Владимир. гос. пед. ун-т. Каф. рус. яз. | ||
| 320 | _aБиблиогр. в конце докл. | ||
| 606 | 0 |
_aЯзыки народов мира _jСъезды, совещания и т.п. _xГрамматика _91998895 _3RU\NLR\auth\661203563 |
|
| 606 | 0 |
_aЯзыки народов мира _jСборники _xГрамматика _91998895 _3RU\NLR\auth\661203563 |
|
| 606 | 0 |
_aЯзыки народов мира _jСъезды, совещания и т.п. _xГрамматические категории _91998908 _3RU\NLR\auth\661203569 |
|
| 606 | 0 |
_aЯзыки народов мира _jСборники _xГрамматические категории _91998908 _3RU\NLR\auth\661203569 |
|
| 606 | 0 |
_aЯзыки народов мира _jСъезды, совещания и т.п. _xСтилистика _92000278 _3RU\NLR\auth\661204274 |
|
| 606 | 0 |
_aЯзыки народов мира _jСборники _xСтилистика _92000278 _3RU\NLR\auth\661204274 |
|
| 686 | _aШ12/17(0)-2я431 | ||
| 686 | _aШ12/17(0)-7я431 | ||
| 702 | 1 |
_aКопелиович _bА. Б. _4340 |
|
| 711 | 1 | 2 |
_aМеждународная конференция по теме "Грамматические категории и единицы: синтагматический аспект" _d3 _f1999 _eВладимир _3RU\NLR\AUTH\8810024854 _9547936 |
| 801 | 0 |
_aRU _bNLR _c20000424 _gPSBO |
|
| 801 | 1 |
_aRU _bNLR _c20000424 |
|
| 852 |
_aNLR _j2000-3/1648 |
||
| 942 | _cBOOK | ||
| 980 | _aNB | ||